[Event "CFriend SL-2003-0-00002 email"]
[Site "Chessfriend.com"]
[Date "2003.01.18"]
[Round "?"]
[White "McCarthy, Michael"]
[Black "Sequeira, Stephen"]
[Result "1-0"]
[WhiteElo "1121"]
[BlackElo "960"]
[PlyCount "45"]
[EventDate "2003.01.18"]
[EventType "tourn (corr)"]
[EventRounds "12"]
[SourceTitle "Corr 2008"]
[Source "ChessBase"]
[SourceDate "2008.06.24"]
[SourceVersion "1"]
[SourceVersionDate "2008.06.24"]
[SourceQuality "1"]

1. e4 c5 2. Nf3 d6 3. Bc4 e5 4. d3 Nf6 5. 0-0 Nc6 6. Nc3 Bg4 7. h3 Be6 8. Bxe6 fxe6 9. Bg5 Qb6 10. Rb1 d5 11. Bxf6 gxf6 12. exd5 exd5 13. Nxd5 Qa5 14. Nxf6+ Kf7 15. Nd7 Bd6 16. Ng5+ Ke7 17. Qg4 Nd4 18. c3 Rad8 19. cxd4 Rxd7 20. Qe6+ Kd8 21. Nf7+ Rxf7 22. Qxf7 b6 23. Qf6+ 1-0

[Event "IECG CP.2002.P.00086 email"]
[Site "IECG email"]
[Date "2002.10.01"]
[Round "?"]
[White "Sequeira, Stephen"]
[Black "Klawitter, Bernd"]
[Result "1-0"]
[WhiteElo "800"]
[BlackElo "1434"]
[PlyCount "63"]
[EventDate "2002.10.01"]
[EventType "tourn (corr)"]
[EventRounds "6"]
[EventCountry "RUS"]
[SourceTitle "Corr 2008"]
[Source "ChessBase"]
[SourceDate "2008.06.24"]
[SourceVersion "1"]
[SourceVersionDate "2008.06.24"]
[SourceQuality "1"]

1. e4 e5 2. Nf3 Nf6 3. Nxe5 d6 4. Nf3 Nxe4 5. d3 Nf6 6. Bg5 Be7 7. Be2 0-0 8. 0-0 Bf5 9. h3 h6 10. Be3 Nbd7 11. Nc3 Nb6 12. Nd4 Bh7 13. Bf3 Re8 14. Bxb7 Bf8 15. Nc6 Qd7 16. Qf3 d5 17. Bd4 Re6 18. Bxb6 cxb6 19. Bxa8 Rxc6 20. Bxc6 Qxc6 21. Rfe1 Bb4 22. a3 Bxc3 23. bxc3 Qxc3 24. Qxd5 g5 25. Qa8+ Kg7 26. Qxa7 Bg6 27. Qxb6 Qxc2 28. d4 Nh5 29. d5 Qc3 30. d6 Nf4 31. d7 Ne2+ 32. Kh2 1-0